Rural woman, Panchayati Raj and development (Record no. 158867)

MARC details
000 -LEADER
fixed length control field 00379nam a2200145Ia 4500
008 - FIXED-LENGTH DATA ELEMENTS--GENERAL INFORMATION
fixed length control field 230917s9999||||xx |||||||||||||| ||und||
040 ## - CATALOGING SOURCE
-- 193443
Original cataloging agency VIVEKANANDA LIBRARY
041 ## - Language
-- English
082 ## - DDC NUMBER
Classification number 352.054 P277R
100 ## - MAIN ENTRY--PERSONAL NAME
Personal name Pattanaik, S N
245 #0 - TITLE STATEMENT
Title Rural woman, Panchayati Raj and development
260 ## - PUBLICATION, DISTRIBUTION, ETC. (IMPRINT)
Place of publication, distribution, etc New Delhi
Name of publisher, distributor, etc Arise Publishers
Date of publication, distribution, etc 2010
300 ## - PHYSICAL DESCRIPTION
Pages v, 240 p.
942 ## - ADDED ENTRY ELEMENTS (KOHA)
Koha item type Books
Holdings
Withdrawn status Lost status Damaged status Not for loan Location (home branch) Sublocation or collection (holding branch) Date acquired Koha issues (times borrowed) Koha full call number Accession No. Koha date last seen Koha item type
        VIVEKANANDA LIBRARY VIVEKANANDA LIBRARY 07/11/2011 1 352.054 P277R 291632 31/01/2024 Books
© Designed and Maintained by Vivekananda Library, MDU Rohtak